| 000 | 00353nam a2200121Ia 4500 | ||
|---|---|---|---|
| 008 | 220217s9999||||xx |||||||||||||| ||und|| | ||
| 082 | _a621.382 4 RAJ | ||
| 100 |
_aRaju, G.S.N _95809 |
||
| 245 | 0 | _aAntennas and wave propagation | |
| 260 |
_aPearson education of asia _bNew Delhi _c2009 |
||
| 300 |
_aXXII,487p.;28cm _b350 |
||
| 650 |
_aANTENNAS _9151 |
||
| 999 |
_c181308 _d181308 |
||